Internet banking a jeho využitie v SR bakalárska práca

Saved in:
Bibliographic Details
Main Author: Valaška, Martin
Corporate Author: Národohospodárska fakulta EU. Katedra bankovníctva a medzinárodných financií
Other Authors: Korduliak, Peter
Format: Book
Language:Slovak
Published: Bratislava 2009
Tags: Add Tag
No Tags, Be the first to tag this record!

MARC

LEADER 00000nam$a2200000$$$4500
001 0100218
005 20240319123239.9
041 0 |a slo 
044 |a SK 
245 1 0 |a Internet banking a jeho využitie v SR  |b bakalárska práca  |c Martin Valaška ; škol. Peter Korduliak 
264 1 |a Bratislava  |c 2009 
300 |a 38 s. 
100 1 |a Valaška, Martin 
700 1 |a Korduliak, Peter 
710 2 |a Národohospodárska fakulta EU. Katedra bankovníctva a medzinárodných financií